LIBRARY ONLINE CATALOGUE

Community development (Record no. 18045)

MARC details
000 -LEADER
fixed length control field 00465nam a22001577a 4500
008 - FIXED-LENGTH DATA ELEMENTS--GENERAL INFORMATION
fixed length control field 191123b xxu||||| |||| 00| 0 eng d
020 ## - INTERNATIONAL STANDARD BOOK NUMBER
International Standard Book Number 9966364498
040 ## - CATALOGING SOURCE
Original cataloging agency KABU
Transcribing agency KABU
050 ## - LIBRARY OF CONGRESS CALL NUMBER
Classification number HN49
Item number .O54 2009 c. 1
100 ## - MAIN ENTRY--PERSONAL NAME
Personal name Ong'ang'a, Hudson M.
245 ## - TITLE STATEMENT
Title Community development
Statement of responsibility, etc. Hudson M. Ong'ang'a
260 ## - PUBLICATION, DISTRIBUTION, ETC. (IMPRINT)
Place of publication, distribution, etc. Nairobi, Kenya
Name of publisher, distributor, etc. Longhorn Publishers (K) Ltd
Date of publication, distribution, etc. 2009
300 ## - PHYSICAL DESCRIPTION
Extent (ix), 94 p.
650 ## - SUBJECT ADDED ENTRY--TOPICAL TERM
Topical term or geographic name as entry element Community development
942 ## - ADDED ENTRY ELEMENTS (KOHA)
Source of classification or shelving scheme Library of Congress Classification
Koha item type General Collection
Classification part HN49
Holdings
Withdrawn status Lost status Source of classification or shelving scheme Not for loan Home library Current library Date acquired Cost, normal purchase price Total Checkouts Full call number Barcode Date last seen Copy number Price effective from Koha item type
    Library of Congress Classification   Kabarak, Main Campus Kabarak, Main Campus 23/11/2019 320.00   HN49 .O54 2009 c. 1 024535 23/11/2019 c. 1 23/11/2019 General Collection